Southville International School and Colleges
Your cart is empty.
  • Cart
  • Lists
    Public lists Eva Luna New books Lux_list list_1
    Your lists Log in to create your own lists
  • Log in to your account
  • Your cookies
  • Search history
Southville International School and Colleges
  • Advanced search
  • Recent comments
  • Most popular
  • Libraries

Log in to your account

Log in with GOOGLE


If you do not have an external account, but do have a local account, you can still log in:

  1. Home
  2. MARC view: Dino wars : the trials of terror
Normal view MARC view ISBD view

Dino wars : the trials of terror (Record no. 365630)

[ view plain ]
MARC details
000 -LEADER
fixed length control field 00497nam a22001697a 4500
003 - CONTROL NUMBER IDENTIFIER
control field 0
005 - DATE AND TIME OF LATEST TRANSACTION
control field 20241115105554.0
008 - FIXED-LENGTH DATA ELEMENTS--GENERAL INFORMATION
fixed length control field 231118b xxu||||| |||| 00| 0 eng d
020 ## - INTERNATIONAL STANDARD BOOK NUMBER
International Standard Book Number 978-1-84886-341-5
082 ## - DEWEY DECIMAL CLASSIFICATION NUMBER
Classification number FIC
Item number M588 2018
100 ## - MAIN ENTRY--PERSONAL NAME
Personal name Metcalf, Dan
245 ## - TITLE STATEMENT
Title Dino wars : the trials of terror
Statement of responsibility, etc Dan Metcalf
260 ## - PUBLICATION, DISTRIBUTION, ETC. (IMPRINT)
Place of publication, distribution, etc West Sussex
Name of publisher, distributor, etc Maverick Arts Publishing Ltd.
Date of publication, distribution, etc c2018.
300 ## - PHYSICAL DESCRIPTION
Extent 143 pages :
Other physical details b&w illustrations ;
Dimensions 20 cm.
650 ## - SUBJECT ADDED ENTRY--TOPICAL TERM
Topical term or geographic name as entry element Dinosaur--Fiction.
942 ## - ADDED ENTRY ELEMENTS (KOHA)
Source of classification or shelving scheme Library of Congress Classification
Koha item type Books
Holdings
Withdrawn status Lost status Source of classification or shelving scheme Damaged status Home library Current library Shelving location Date acquired Source of acquisition Total Checkouts Full call number Barcode Date last seen Price effective from Koha item type
    Library of Congress Classification   Munich Library Munich Library Fiction Section 11/18/2023 Library Fund   FIC M588 2018 M8589 11/18/2023 11/18/2023 Books

Dino wars : the trials of terror

APA

Metcalf D., . (2018). Dino wars : the trials of terror. West Sussex: Maverick Arts Publishing Ltd.

Chicago

Metcalf Dan, . 2018. Dino wars : the trials of terror. West Sussex: Maverick Arts Publishing Ltd.

Harvard

Metcalf D., . (2018). Dino wars : the trials of terror. West Sussex: Maverick Arts Publishing Ltd.

MLA

Metcalf Dan, . Dino wars : the trials of terror. West Sussex: Maverick Arts Publishing Ltd. 2018.

  • Place hold
  • Print
  • Cite
  • Add to your cart (remove)
  • Save record
    BIBTEX Dublin Core MARCXML MARC (non-Unicode/MARC-8) MARC (Unicode/UTF-8) MARC (Unicode/UTF-8, Standard) MODS (XML) RIS
  • More searches
    Search for this title in:
    Other Libraries (WorldCat) Other Databases (Google Scholar) Online Stores (Bookfinder.com) Open Library (openlibrary.org)

Exporting to Dublin Core...

SOUTHVILLE LIBRARY

Southville International School and Colleges Library

1281 Tropical Ave. Cor. Luxembourg St., BF Homes International, Las Pinas City

Tel. No. 8256374 / 252358 Loc. 117/146

Powered by Koha